[Event "Pobeskydi 2024"]
[Site "Frydek-Mistek, Czech Republic"]
[Date "2024.03.30"]
[Round "6.3"]
[White "Brejnik, Gustav"]
[Black "Tolmacevs, Artjoms"]
[Result "1/2-1/2"]
[WhiteElo "2265"]
[BlackElo "2028"]
[PlyCount "237"]
[EventDate "2024.??.??"]

1. d4 Nf6 2. c4 c5 3. d5 e6 4. Nc3 exd5 5. cxd5 d6 6. Nf3 g6 7. Nd2 Bg7 8. e4
O-O 9. Be2 Nbd7 10. O-O a6 11. a4 Ne5 12. f4 Neg4 13. Nc4 h5 14. h3 Nh6 15. Be3
b6 16. Qd2 Rb8 17. f5 b5 18. axb5 axb5 19. Bxh6 bxc4 20. Bxg7 Kxg7 21. fxg6
fxg6 22. Ra7+ Bd7 23. Bxc4 Qb6 24. Ra6 Qc7 25. e5 dxe5 26. Qg5 Rb6 27. Rxb6
Qxb6 28. Qxe5 Re8 29. Qf4 Bf5 30. b3 Qa5 31. Qd2 Qd8 32. Nb5 Ne4 33. Qf4 Qf6
34. Qc7+ Re7 35. Qd8 Qg5 36. d6 Qe3+ 37. Kh2 Rd7 38. Qg8+ Kh6 39. Qh8+ Kg5 40.
Qe5 h4 41. Rf3 Qc1 42. Nc7 Rxd6 43. Ne6+ Rxe6 44. Bxe6 Ng3 45. Rxg3+ hxg3+ 46.
Kxg3 Qh1 47. Bxf5 gxf5 48. Qxc5 Qb1 49. Qe7+ Kg6 50. b4 Qd3+ 51. Kh2 Qf1 52.
Qd6+ Kf7 53. Qd7+ Kg6 54. Qe6+ Kh7 55. Qe5 f4 56. b5 Qf2 57. Qe7+ Kg6 58. Qe6+
Kh7 59. b6 f3 60. Qe4+ Kg7 61. Qxf3 Qxb6 62. Qg4+ Kh7 63. Qf5+ Kg7 64. Qe5+ Kh7
65. h4 Qb4 66. Qf5+ Kg7 67. Kh3 Qa3+ 68. g3 Qa1 69. Qf3 Kh6 70. g4 Kg7 71. Qb7+
Kg6 72. h5+ Kh6 73. Qc6+ Kg7 74. Qd7+ Kh6 75. Qe6+ Kg7 76. Qe7+ Kh6 77. Qf8+
Kh7 78. Qf7+ Kh8 79. Qf8+ Kh7 80. Qf5+ Kg7 81. Qf3 Kh6 82. Qe3+ Kh7 83. Kg3 Kg7
84. g5 Qa8 85. Qd4+ Kg8 86. Qc4+ Kh8 87. Qc3+ Kg8 88. h6 Qb8+ 89. Kg4 Qb7 90.
Qc4+ Kh8 91. Qd4+ Kg8 92. Qd8+ Kh7 93. Qd3+ Kh8 94. Qf3 Qd7+ 95. Qf5 Qd1+ 96.
Kf4 Qd2+ 97. Ke4 Qc2+ 98. Ke5 Qc7+ 99. Ke6 Qc8+ 100. Kf6 Qf8+ 101. Ke5 Qc5+
102. Kf4 Qf2+ 103. Kg4 Qg2+ 104. Kh5 Qe2+ 105. Kh4 Qe1+ 106. Kh3 Qh1+ 107. Kg3
Qg1+ 108. Kh4 Qe1+ 109. Kh5 Qe2+ 110. Qg4 Qh2+ 111. Kg6 Qd6+ 112. Kf7 Qd5+ 113.
Ke7 Qe5+ 114. Kd8 Qa5+ 115. Kc8 Qc5+ 116. Kd8 Qa5+ 117. Ke7 Qe5+ 118. Kf7 Qf5+
119. Qxf5 1/2-1/2

[Event "Pobeskydi 2024"]
[Site "Frydek-Mistek, Czech Republic"]
[Date "2024.03.30"]
[Round "6.5"]
[White "Staniczek, Kacper"]
[Black "Jires, Jiri"]
[Result "1/2-1/2"]
[WhiteElo "1729"]
[BlackElo "2153"]
[PlyCount "60"]
[EventDate "2024.??.??"]

1. e4 c5 2. Nf3 Nc6 3. d4 cxd4 4. Nxd4 e5 5. Nb5 d6 6. a4 Be7 7. N1c3 a6 8. Na3
Nf6 9. Bg5 Nxe4 10. Nxe4 Bxg5 11. Nxd6+ Ke7 12. Ne4 Bh6 13. Bc4 Qd4 14. Qxd4
Nxd4 15. c3 Ne6 16. Rd1 Bd7 17. a5 Bc6 18. Bxe6 Kxe6 19. Nc5+ Kf6 20. O-O Rad8
21. Rfe1 Bd2 22. Rf1 Bf4 23. Rfe1 e4 24. Nc4 Rxd1 25. Rxd1 Kg6 26. Rd4 f5 27.
Ne6 Bb8 28. Nd8 Kf6 29. Nxc6 bxc6 30. Nb6 Ke6 1/2-1/2

[Event "Pobeskydi 2024"]
[Site "?"]
[Date "2024.03.30"]
[Round "6.9"]
[White "Kolasinski, Krzysztof"]
[Black "Zimny, Jakub"]
[Result "1/2-1/2"]
[WhiteElo "2070"]
[BlackElo "1826"]
[PlyCount "33"]
[EventDate "2024.03.28"]

1. d4 d5 2. c4 c6 3. cxd5 cxd5 4. Nc3 Nf6 5. Bf4 Nc6 6. e3 Bf5 7. Bd3 Bg6 8.
Nf3 e6 9. O-O Be7 10. Rc1 Nh5 11. Bxg6 hxg6 12. Be5 Rc8 13. Qb3 Qd7 14. Na4 O-O
15. Nc5 Bxc5 16. Rxc5 Nf6 17. Bxf6 1/2-1/2

[Event "Pobeskydi 2024"]
[Site "?"]
[Date "2024.03.30"]
[Round "6.10"]
[White "Osina, Jaromir"]
[Black "Bulej, Matej"]
[Result "0-1"]
[WhiteElo "1826"]
[BlackElo "2057"]
[PlyCount "70"]
[EventDate "2024.03.28"]

1. d4 d5 2. c4 dxc4 3. e4 e5 4. d5 Bd6 5. Bxc4 f5 6. Nc3 Nf6 7. Qe2 O-O 8. Nf3
h6 9. b3 fxe4 10. Nxe4 Nxe4 11. Qxe4 Bf5 12. Qe2 Bg4 13. Qe4 Bf5 14. Qe2 Qf6
15. Ng1 Nd7 16. Bd2 e4 17. Rc1 Ba3 18. Rd1 Bg4 19. Qe3 Bc5 20. Bc3 Bxe3 21.
Bxf6 Bxf2+ 22. Kxf2 Rxf6+ 23. Ke1 Bxd1 24. Kxd1 Nb6 25. Ne2 Raf8 26. Kd2 Kh8
27. Ke3 c6 28. dxc6 Nxc4+ 29. bxc4 Rxc6 30. Rc1 Rfc8 31. Kd4 Rd8+ 32. Ke3 Ra6
33. Rc2 Ra3+ 34. Kf2 e3+ 35. Ke1 Rd2 0-1

[Event "Pobeskydi 2024"]
[Site "?"]
[Date "2024.03.30"]
[Round "6.11"]
[White "Sigut, Ondrej"]
[Black "Trojan, Matyas"]
[Result "1/2-1/2"]
[WhiteElo "1855"]
[BlackElo "1971"]
[PlyCount "106"]
[EventDate "2024.03.28"]

1. e4 e5 2. Nf3 Nc6 3. Bb5 a6 4. Ba4 Nf6 5. Qe2 b5 6. Bb3 Be7 7. O-O O-O 8. c3
d5 9. d3 Be6 10. Rd1 Re8 11. Nbd2 Bf8 12. Nf1 h6 13. Ng3 g6 14. Be3 Bg7 15. h3
d4 16. Bxe6 Rxe6 17. cxd4 Nxd4 18. Bxd4 exd4 19. Rac1 Rc8 20. b4 Nd5 21. Qb2
Nc3 22. Re1 a5 23. a3 Ra6 24. Ra1 Rca8 25. e5 Bf8 26. bxa5 Rxa5 27. Ne4 Bxa3
28. Qb3 b4 29. e6 Nxe4 30. exf7+ Kf8 31. Rxe4 Qd5 32. Qxd5 Rxd5 33. Nxd4 c5 34.
Ne6+ Kxf7 35. Nc7 Rad8 36. Nxd5 Rxd5 37. Rc4 Ke6 38. Kf1 Bb2 39. Ra6+ Kf5 40.
g4+ Kg5 41. h4+ Kxh4 42. Rxg6 Bd4 43. Rxh6+ Kxg4 44. Rb6 Kf3 45. Ke1 Bxf2+ 46.
Kd2 Bd4 47. Kc2 Kf4 48. Re6 Kf5 49. Re4 Be5 50. Re3 Bd4 51. Re4 Rd8 52. Kb3 Bg1
53. Kc2 Bd4 1/2-1/2

[Event "Pobeskydi 2024"]
[Site "?"]
[Date "2024.03.30"]
[Round "6.12"]
[White "Buchta, Bartolomej"]
[Black "Haladaj, Adam"]
[Result "1/2-1/2"]
[WhiteElo "1913"]
[BlackElo "1806"]
[PlyCount "79"]
[EventDate "2024.03.28"]

1. e4 c6 2. d4 d5 3. Nc3 dxe4 4. Nxe4 Nf6 5. Nxf6+ exf6 6. c3 Bd6 7. Bd3 O-O 8.
Be3 Re8 9. Ne2 Nd7 10. Qc2 h5 11. O-O-O b5 12. Ng3 Nb6 13. Nxh5 Bg4 14. Be2
Bxe2 15. Qxe2 g6 16. Ng3 f5 17. Qf3 b4 18. Bd2 bxc3 19. Bxc3 Nd5 20. h4 Nxc3
21. Qxc3 f4 22. Nf1 Qf6 23. Nd2 c5 24. Nc4 cxd4 25. Qxd4 Be5 26. Nxe5 Rxe5 27.
Kb1 Qf5+ 28. Ka1 a5 29. g4 fxg3 30. fxg3 Re4 31. Qd6 Rae8 32. h5 gxh5 33. Qh6
Qg6 34. Qxh5 Qxh5 35. Rxh5 Re1 36. Rb1 a4 37. Ra5 R8e4 38. a3 R1e3 39. Rg1 Kg7
40. Kb1 1/2-1/2

[Event "Pobeskydi 2024"]
[Site "?"]
[Date "2024.03.30"]
[Round "6.13"]
[White "Durovka, Marek"]
[Black "Jurcek, Adrian"]
[Result "1/2-1/2"]
[WhiteElo "1874"]
[BlackElo "1678"]
[PlyCount "90"]
[EventDate "2024.03.28"]

1. c4 c5 2. Nc3 Nc6 3. g3 e5 4. Bg2 Nge7 5. e4 g6 6. Nge2 Bg7 7. O-O O-O 8. d3
d6 9. Be3 Be6 10. f4 Nd4 11. h3 f5 12. fxe5 dxe5 13. Kh2 Qd7 14. Nd5 fxe4 15.
Nxe7+ Qxe7 16. Rxf8+ Rxf8 17. Bxe4 Qd7 18. Ng1 b6 19. g4 Qc7 20. Kg2 Bd7 21.
Bxd4 exd4 22. Nf3 Kh8 23. Qd2 Qd6 24. Re1 a6 25. Bd5 Re8 26. Ng5 Rf8 27. Nf7+
Rxf7 28. Bxf7 Bc6+ 29. Bd5 Bxd5+ 30. cxd5 Qxd5+ 31. Kg1 h5 32. gxh5 Qxh5 33.
Qg2 Qf5 34. Qe4 Qg5+ 35. Kh1 Qg3 36. Re2 Kh7 37. Rg2 Qd6 38. Qh4+ Bh6 39. Re2
Qd5+ 40. Qe4 Qh5 41. Kh2 Be3 42. Qe7+ Kh6 43. Qf8+ Kh7 44. Qf7+ Kh6 45. Qf8+
Kh7 1/2-1/2

[Event "Pobeskydi 2024"]
[Site "?"]
[Date "2024.03.30"]
[Round "6.14"]
[White "Kondula, Dominik"]
[Black "Buckland, Louis"]
[Result "0-1"]
[WhiteElo "1859"]
[BlackElo "1839"]
[PlyCount "80"]
[EventDate "2024.03.28"]

1. e4 c6 2. d4 d5 3. Nc3 dxe4 4. Nxe4 Nf6 5. Nxf6+ exf6 6. c3 Bd6 7. Bd3 O-O 8.
Ne2 Re8 9. O-O Nd7 10. Bf4 Nf8 11. Bxd6 Qxd6 12. Qc2 c5 13. Rfe1 Bd7 14. Rad1
cxd4 15. Nxd4 Rxe1+ 16. Rxe1 Rd8 17. Re3 g6 18. Qb3 Qb6 19. Qxb6 axb6 20. Bc4
Be6 21. Bxe6 fxe6 22. Kf1 e5 23. Nb3 Ne6 24. g3 Nc5 25. Nxc5 bxc5 26. Ke2 Kf7
27. b4 Ra8 28. Rd3 Rxa2+ 29. Ke3 cxb4 30. cxb4 Ke6 31. Rb3 f5 32. h3 h5 33. f4
e4 34. Kd4 Kd6 35. Kc4 Kc6 36. Kd4 Rd2+ 37. Kc4 b5+ 38. Kc3 Rd3+ 39. Kc2 Rxb3
40. Kxb3 Kd5 0-1

[Event "Pobeskydi 2024"]
[Site "?"]
[Date "2024.03.30"]
[Round "6.15"]
[White "Ocelak, David"]
[Black "Kanakova, Natalie"]
[Result "0-1"]
[WhiteElo "1797"]
[BlackElo "2180"]
[PlyCount "130"]
[EventDate "2024.03.28"]

1. e4 c5 2. Nf3 g6 3. c3 d5 4. exd5 Qxd5 5. d4 Bg7 6. dxc5 Qxc5 7. Be3 Qc7 8.
Be2 Nf6 9. h3 O-O 10. O-O Nc6 11. Na3 Rd8 12. Qc1 a6 13. Rd1 Nd5 14. Bh6 e5 15.
Bc4 Nf4 16. Rxd8+ Nxd8 17. Bxf4 exf4 18. Qe1 Ne6 19. Qe4 Bd7 20. Re1 Re8 21.
Bd5 Qb8 22. Qc4 Rf8 23. Qe4 Re8 24. Qc4 b5 25. Qb3 Rf8 26. Rxe6 fxe6 27. Bxe6+
Bxe6 28. Qxe6+ Kh8 29. Qxa6 b4 30. Nb5 bxc3 31. bxc3 Qc8 32. Qxc8 Rxc8 33. Nfd4
Ra8 34. a3 Ra5 35. Kf1 Bxd4 36. Nxd4 Rxa3 37. Ne6 f3 38. gxf3 Rxc3 39. Kg2 Kg8
40. h4 h6 41. Kg3 Kf7 42. Nf4 Rc1 43. Ne2 Re1 44. Nc3 Ra1 45. Nd5 Ke6 46. Ne3
g5 47. hxg5 Rg1+ 48. Kh2 Rxg5 49. f4 Rg8 50. Kh3 Kf6 51. Ng4+ Kg6 52. f5+ Kg5
53. f3 h5 54. Ne5 Kxf5 55. Nd7 Rd8 56. Nc5 Rd1 57. Kg2 Rd5 58. Ne4 Kf4 59. Kf2
Rd3 60. Nf6 Rd2+ 61. Kg1 h4 62. Ne4 Ra2 63. Nc3 Rc2 64. Nb5 Kg3 65. Kf1 h3 0-1

[Event "Pobeskydi 2024"]
[Site "Frydek-Mistek, Czech Republic"]
[Date "2024.03.31"]
[Round "7.5"]
[White "Walek, Petr"]
[Black "Halhoul, Adam"]
[Result "1-0"]
[WhiteElo "2272"]
[BlackElo "1859"]
[PlyCount "71"]
[EventDate "2024.??.??"]

1. e4 c5 2. Nf3 d6 3. d4 cxd4 4. Nxd4 Nf6 5. Nc3 g6 6. Be3 Bg7 7. f3 Nc6 8. Qd2
O-O 9. g4 Bd7 10. O-O-O Qa5 11. Kb1 Rfc8 12. h4 h5 13. Nb3 Qd8 14. gxh5 Nxh5
15. Rg1 Ne5 16. Be2 Nc4 17. Bxc4 Rxc4 18. Rxg6 fxg6 19. Qd5+ Kh7 20. Qxc4 Qf8
21. Qe2 b5 22. Bg5 Rc8 23. Nd5 e6 24. Ne3 Nf4 25. Qh2 Be5 26. Ng4 Nd3 27. Nxe5
Nxe5 28. f4 Nc4 29. h5 Qg7 30. e5 dxe5 31. hxg6+ Kg8 32. Bf6 Qxf6 33. Qh7+ Kf8
34. Rxd7 Ke8 35. Rf7 exf4 36. Qg8# 1-0

[Event "Pobeskydi 2024"]
[Site "Frydek-Mistek, Czech Republic"]
[Date "2024.03.31"]
[Round "7.7"]
[White "Zimny, Jakub"]
[Black "Stevik, Patrik"]
[Result "0-1"]
[WhiteElo "1826"]
[BlackElo "2167"]
[PlyCount "66"]
[EventDate "2024.??.??"]

1. e4 Nc6 2. Nf3 d6 3. d4 Nf6 4. Nc3 g6 5. h3 Bg7 6. Be3 O-O 7. d5 Nb8 8. Qd2
c6 9. dxc6 Nxc6 10. Be2 a6 11. a4 Qa5 12. O-O Qb4 13. Bd3 Be6 14. Rab1 Rac8 15.
Bh6 Na5 16. Bxg7 Kxg7 17. Ne2 Qxd2 18. Nxd2 Nc4 19. Nf3 d5 20. exd5 Bxd5 21. b3
Bxf3 22. Bxc4 Rxc4 23. bxc4 Bxe2 24. Rfe1 Bxc4 25. Rxb7 Nd5 26. Reb1 Rc8 27.
Rb8 Rc6 28. g3 Nc3 29. R1b6 Rc5 30. R6b7 Re5 31. f4 Re1+ 32. Kf2 Re2+ 33. Kf3
Bd5+ 0-1

[Event "Pobeskydi 2024"]
[Site "Frydek-Mistek, Czech Republic"]
[Date "2024.03.31"]
[Round "7.1"]
[White "Mica, Marek"]
[Black "Fizer, Marek"]
[Result "1-0"]
[WhiteElo "2368"]
[BlackElo "2058"]
[PlyCount "55"]
[EventDate "2024.??.??"]

1. Nf3 f5 2. c4 Nf6 3. g3 g6 4. b4 Bg7 5. Bb2 d6 6. d4 O-O 7. Nbd2 c6 8. Bg2
Qc7 9. O-O Re8 10. Qb3 e5 11. dxe5 dxe5 12. e4 h6 13. Rfe1 fxe4 14. Nxe4 Nxe4
15. Rxe4 Bf5 16. Re3 a5 17. Rae1 Nd7 18. a3 axb4 19. axb4 g5 20. c5+ Be6 21.
Qc2 Bf7 22. h4 Ra2 23. Qb1 g4 24. Nd4 Ra4 25. Nf5 Bf8 26. Bc3 b6 27. Qd1 Ra2
28. cxb6 1-0

[Event "Pobeskydi 2024"]
[Site "Frydek-Mistek, Czech Republic"]
[Date "2024.03.31"]
[Round "7.8"]
[White "Jires, Jiri"]
[Black "Majcher, Igor"]
[Result "1/2-1/2"]
[WhiteElo "2153"]
[BlackElo "1858"]
[PlyCount "78"]
[EventDate "2024.??.??"]

1. e4 c5 2. Nf3 d6 3. d4 cxd4 4. Nxd4 Nf6 5. Nc3 a6 6. f4 e5 7. Nf3 Nbd7 8. a4
Qc7 9. Bd3 Be7 10. O-O O-O 11. Kh1 Nc5 12. Qe1 Re8 13. Nh4 b6 14. fxe5 dxe5 15.
Bg5 Be6 16. Nf5 Ncd7 17. Qe2 Qb7 18. Rad1 Bxf5 19. Rxf5 Bb4 20. Nb1 h6 21. Bh4
Qc8 22. c3 Be7 23. Bg3 g6 24. Rf3 Kg7 25. Rdf1 Rf8 26. Bc4 Qc6 27. b3 Rab8 28.
Bxa6 Qxe4 29. Re3 Qg4 30. Bxe5 Nxe5 31. Rxe5 Bd6 32. Re3 Rfe8 33. Qf2 Qg5 34.
Rxe8 Rxe8 35. Nd2 Re7 36. Nf3 Qf5 37. Qxb6 Bc5 38. Qd8 Ne4 39. Nd4 Qh5 1/2-1/2

[Event "Pobeskydi 2024"]
[Site "Frydek-Mistek, Czech Republic"]
[Date "2024.03.31"]
[Round "7.4"]
[White "Buckland, Louis"]
[Black "Koubova, Anna Marie"]
[Result "0-1"]
[WhiteElo "1839"]
[BlackElo "2113"]
[PlyCount "64"]
[EventDate "2024.??.??"]

1. d4 Nf6 2. c4 e6 3. g3 Bb4+ 4. Bd2 Qe7 5. Bg2 Nc6 6. Nf3 Bxd2+ 7. Nbxd2 d6 8.
O-O O-O 9. Qc2 e5 10. d5 Nd8 11. e4 Ne8 12. Ne1 f5 13. f4 fxe4 14. Bxe4 Nf6 15.
Nd3 Bh3 16. fxe5 dxe5 17. Bg2 Bxg2 18. Kxg2 Ng4 19. Rxf8+ Qxf8 20. Nf1 Qxf1+
21. Rxf1 Ne3+ 22. Kh3 Nxc2 23. Nxe5 b5 24. cxb5 Ne3 25. Rc1 Nxd5 26. Rc5 Nb4
27. a3 Ne6 28. axb4 Nxc5 29. bxc5 Rb8 30. b6 cxb6 31. Nc6 Rb7 32. cxb6 a6 0-1

[Event "Pobeskydi 2024"]
[Site "Frydek-Mistek, Czech Republic"]
[Date "2024.03.31"]
[Round "7.3"]
[White "Kratochvil, Vit"]
[Black "Staniczek, Kacper"]
[Result "1-0"]
[WhiteElo "2203"]
[BlackElo "1729"]
[PlyCount "61"]
[EventDate "2024.??.??"]

1. e4 e5 2. Nf3 Nc6 3. Bc4 Nf6 4. d3 Bc5 5. O-O d6 6. c3 a6 7. Bb3 Ba7 8. Be3
O-O 9. Nbd2 Ne7 10. Nh4 Bg4 11. Qe1 Ng6 12. Nxg6 hxg6 13. f4 Bd7 14. h3 Bb5 15.
Bxa7 Rxa7 16. Qe3 Ra8 17. a4 Bc6 18. fxe5 dxe5 19. Nf3 Qe7 20. Ng5 Be8 21. Rf2
Nh7 22. Nf3 Kh8 23. Raf1 f6 24. d4 exd4 25. cxd4 Bc6 26. Bc2 Rfe8 27. Nh4 Bxe4
28. Re1 Ng5 29. Nxg6+ Bxg6 30. Qxe7 Rxe7 31. Rxe7 1-0

[Event "Pobeskydi 2024"]
[Site "Frydek-Mistek, Czech Republic"]
[Date "2024.03.31"]
[Round "7.2"]
[White "Turcan, Richard"]
[Black "Sypien, Natan"]
[Result "1-0"]
[WhiteElo "2366"]
[BlackElo "1870"]
[PlyCount "105"]
[EventDate "2024.??.??"]

1. e4 e5 2. Nf3 Nc6 3. Bb5 a6 4. Ba4 Nf6 5. O-O Be7 6. Re1 b5 7. Bb3 O-O 8. h3
Bb7 9. d3 d5 10. exd5 Nxd5 11. Nc3 Nxc3 12. bxc3 Bf6 13. Bb2 Re8 14. Nd2 Na5
15. Ne4 Nxb3 16. axb3 Bxe4 17. Rxe4 g6 18. c4 Bg7 19. Qe1 f5 20. Re2 bxc4 21.
bxc4 e4 22. Bxg7 Kxg7 23. dxe4 fxe4 24. Rxe4 Qf6 25. Ra3 Rxe4 26. Qxe4 Rd8 27.
Rf3 Rd1+ 28. Kh2 Rd4 29. Rxf6 Rxe4 30. Rc6 Re2 31. Rxc7+ Kh6 32. f3 Rxc2 33. h4
a5 34. Kh3 Rc3 35. Ra7 Rxc4 36. g4 g5 37. Ra6+ Kg7 38. hxg5 a4 39. Kg3 Rb4 40.
f4 Rb3+ 41. Kh4 a3 42. Ra7+ Kg8 43. f5 Rc3 44. f6 Rf3 45. Ra8+ Kf7 46. Rh8 h6
47. Rxh6 Kg8 48. Rg6+ Kh8 49. Rg7 a2 50. Ra7 a1=Q 51. Rxa1 Kh7 52. Ra7+ Kg6 53.
Rg7# 1-0

[Event "Pobeskydi 2024"]
[Site "Frydek-Mistek, Czech Republic"]
[Date "2024.03.31"]
[Round "7.6"]
[White "Haladaj, Adam"]
[Black "Brejnik, Gustav"]
[Result "0-1"]
[WhiteElo "1806"]
[BlackElo "2265"]
[PlyCount "98"]
[EventDate "2024.??.??"]

1. Nf3 d5 2. g3 c5 3. Bg2 Nc6 4. O-O e5 5. d3 Be7 6. e4 d4 7. Nbd2 h5 8. Nc4
Qc7 9. a4 h4 10. Nxh4 Bxh4 11. gxh4 Rxh4 12. Qd2 Be6 13. Na3 f6 14. f4 exf4 15.
Rxf4 Rh7 16. Bf1 O-O-O 17. Qg2 Ne5 18. Be2 g5 19. Rf2 Rh6 20. Bd2 Ne7 21. h4
N7g6 22. hxg5 Nh4 23. gxh6 Nxg2 24. Rxg2 Rg8 25. Nb5 Qh7 26. Rf1 Bh3 27. Rxg8+
Qxg8+ 28. Kf2 Bxf1 29. Kxf1 Kd7 30. Nxa7 Qg3 31. b3 Nf7 32. Nb5 Qh3+ 33. Ke1
Qh4+ 34. Kd1 Qh1+ 35. Be1 Qxh6 36. Na3 Qh2 37. Nc4 Kc6 38. Nd2 Qf4 39. Nc4 Ng5
40. Bd2 Qg3 41. Kc1 Qg2 42. Kd1 Nh3 43. Bh5 Qh1+ 44. Be1 Nf2+ 45. Ke2 Qxh5+ 46.
Kxf2 Qh2+ 47. Kf3 Qxc2 48. Bd2 Qxd3+ 49. Kf2 Qxe4 0-1

[Event "Pobeskydi 2024"]
[Site "?"]
[Date "2024.03.31"]
[Round "7.9"]
[White "Bulej, Matej"]
[Black "Kultucki, Kamil"]
[Result "1/2-1/2"]
[WhiteElo "2057"]
[BlackElo "1666"]
[PlyCount "87"]
[EventDate "2024.03.28"]

1. d4 Nf6 2. Nf3 e6 3. Bf4 d5 4. e3 c5 5. c3 Nc6 6. Nbd2 Bd6 7. Bg3 Qe7 8. Bb5
Bd7 9. O-O a6 10. Bxc6 Bxc6 11. Ne5 Bxe5 12. dxe5 Nd7 13. Qg4 f5 14. exf6 Nxf6
15. Qg5 O-O 16. Nf3 b5 17. Rfc1 Rac8 18. Ne5 Be8 19. Ng4 Bg6 20. Be5 Kh8 21. a4
Qf7 22. f3 Nxg4 23. Qxg4 Qd7 24. axb5 Rf5 25. Bg3 Qxb5 26. e4 dxe4 27. fxe4
Rff8 28. Qxe6 Qxb2 29. e5 Be4 30. Qa2 Qxa2 31. Rxa2 Rc6 32. Rd1 Rb6 33. Bf2 Rc6
34. Rd6 Rb8 35. Rb2 Rbc8 36. Rxc6 Bxc6 37. Bxc5 Bb5 38. Bd4 Kg8 39. Kf2 Kf7 40.
Ke3 Ke6 41. Rf2 Bc4 42. Rb2 Bb5 43. Rf2 Bc4 44. Rb2 1/2-1/2

[Event "Pobeskydi 2024"]
[Site "?"]
[Date "2024.03.31"]
[Round "7.10"]
[White "Tolmacevs, Artjoms"]
[Black "Sigut, Ondrej"]
[Result "1-0"]
[WhiteElo "2028"]
[BlackElo "1855"]
[PlyCount "63"]
[EventDate "2024.03.28"]

1. e4 e6 2. d4 d5 3. Nc3 Nf6 4. e5 Nfd7 5. f4 c5 6. Nf3 Nc6 7. Be3 Be7 8. Qd2
a6 9. Be2 b5 10. O-O O-O 11. Kh1 f6 12. Nd1 cxd4 13. Nxd4 Nxd4 14. Bxd4 fxe5
15. fxe5 Rxf1+ 16. Bxf1 Bg5 17. Qe1 Qe7 18. Nf2 Bb7 19. Bd3 Rf8 20. Nh3 Bh6 21.
b4 Bc6 22. c3 Qd8 23. Qb1 Qc7 24. Bxh7+ Kh8 25. Bc2 Nxe5 26. Qe1 Ng4 27. Bg1
Bd7 28. Rd1 Qe5 29. Qh4 Nf6 30. Bc5 Rc8 31. Bd4 Rc4 32. Qxh6+ 1-0

[Event "Pobeskydi 2024"]
[Site "?"]
[Date "2024.03.31"]
[Round "7.11"]
[White "Jurcek, Adrian"]
[Black "Buchtova, Viktorie"]
[Result "0-1"]
[WhiteElo "1678"]
[BlackElo "1874"]
[PlyCount "56"]
[EventDate "2024.03.28"]

1. e4 c5 2. c4 g6 3. Ne2 Bg7 4. d4 cxd4 5. Nxd4 Nc6 6. Be3 Nf6 7. Nc3 d6 8. Be2
O-O 9. O-O Bd7 10. f3 Nxd4 11. Bxd4 a5 12. Qd2 Bc6 13. Rfd1 Nd7 14. Be3 Nc5 15.
Rab1 Qb8 16. Nd5 Bxd5 17. cxd5 b5 18. b4 Na4 19. Rbc1 Rc8 20. Rxc8+ Qxc8 21.
Bxb5 Nc3 22. Rc1 axb4 23. Qb2 Qb8 24. Bc4 Nxa2 25. Qe2 Nxc1 26. Bxc1 Qb6+ 27.
Kf1 Rc8 28. Qd3 Qc5 0-1

[Event "Pobeskydi 2024"]
[Site "?"]
[Date "2024.03.31"]
[Round "7.12"]
[White "Witkowski, Jedrzej"]
[Black "Durovka, Marek"]
[Result "1-0"]
[WhiteElo "1701"]
[BlackElo "1874"]
[PlyCount "101"]
[EventDate "2024.03.28"]

1. e4 e6 2. d4 d5 3. Bd3 dxe4 4. Bxe4 Nf6 5. Bf3 c5 6. Ne2 Be7 7. O-O O-O 8. c4
Nc6 9. Be3 Qc7 10. Qc1 cxd4 11. Nxd4 Nxd4 12. Bxd4 e5 13. Be3 Be6 14. b3 e4 15.
Be2 Bd6 16. h3 Be5 17. Nc3 Nd7 18. f4 exf3 19. Bxf3 Qa5 20. Bd2 Qb6+ 21. Be3
Qa5 22. Bd2 Qb6+ 23. Be3 Bd4 24. Bxd4 Qxd4+ 25. Kh1 Nc5 26. Nb5 Qe5 27. Qe1
Qxe1 28. Rfxe1 Rad8 29. Nxa7 Rd7 30. Kh2 Rfd8 31. Rad1 Nd3 32. Re3 Nb4 33. Rxd7
Rxd7 34. Re2 Kf8 35. Nb5 Nc6 36. Re1 Nb4 37. a3 Nc6 38. Rd1 Ne5 39. Be2 Ke7 40.
Kg3 Rxd1 41. Bxd1 g5 42. Bc2 h5 43. c5 Bd5 44. Nd6 h4+ 45. Kf2 Nc6 46. b4 Nd4
47. Bd1 Ne6 48. Bf3 Bxf3 49. Kxf3 Nd4+ 50. Kg4 f6 51. Nf5+ 1-0

[Event "Pobeskydi 2024"]
[Site "?"]
[Date "2024.03.31"]
[Round "7.13"]
[White "Kanakova, Natalie"]
[Black "Sulcova, Tereza Radmila"]
[Result "1-0"]
[WhiteElo "2180"]
[BlackElo "1835"]
[PlyCount "41"]
[EventDate "2024.03.28"]

1. e4 b6 2. d4 Bb7 3. Bd3 e6 4. Nf3 Nf6 5. e5 Ng8 6. O-O c5 7. Nbd2 d5 8. exd6
Bxd6 9. Ne4 cxd4 10. Nxd4 Bxe4 11. Bxe4 Qh4 12. f4 Nf6 13. Bxa8 Ng4 14. h3 h5
15. Qe1 Qf6 16. c3 Nh6 17. Be3 O-O 18. Rd1 Bc5 19. b4 Bxd4 20. Bxd4 Qe7 21. f5
1-0

[Event "Pobeskydi 2024"]
[Site "?"]
[Date "2024.03.31"]
[Round "7.14"]
[White "Kolasinski, Krzysztof"]
[Black "Osina, Jaromir"]
[Result "1-0"]
[WhiteElo "2070"]
[BlackElo "1826"]
[PlyCount "111"]
[EventDate "2024.03.28"]

1. d4 d5 2. Nf3 Nf6 3. g3 c6 4. Bg2 Bf5 5. O-O h6 6. c4 e6 7. Nc3 Bd6 8. Nd2
O-O 9. e4 dxe4 10. Ndxe4 Na6 11. a3 e5 12. Nxd6 Qxd6 13. d5 cxd5 14. Nxd5 Rad8
15. Be3 b6 16. b4 Nxd5 17. Qxd5 Qb8 18. Qb7 Qxb7 19. Bxb7 Nc7 20. c5 Bh3 21.
Rfc1 Nd5 22. Bxd5 Rxd5 23. cxb6 axb6 24. Bxb6 Rb8 25. Bc5 Bd7 26. a4 Ra8 27. a5
Bb5 28. Rd1 Rxd1+ 29. Rxd1 f6 30. Rd6 Be2 31. Kg2 e4 32. h3 Kf7 33. g4 g5 34.
Kg3 h5 35. gxh5 f5 36. h6 f4+ 37. Kg2 g4 38. Rd7+ Ke6 39. Re7+ Kf6 40. hxg4 Rg8
41. Rg7 Rxg7 42. Bd4+ Kg6 43. hxg7 Kf7 44. Kh3 f3 45. Kg3 Kg8 46. Kf4 Bd3 47.
g5 Kf7 48. Ke3 Kg8 49. a6 Bxa6 50. Kxe4 Bb7+ 51. Kf5 Bc6 52. Ke6 Bb5 53. Kd6
Kf7 54. Kc5 Bc6 55. Kxc6 Ke7 56. Bc5+ 1-0

[Event "Pobeskydi 2024"]
[Site "?"]
[Date "2024.03.31"]
[Round "7.15"]
[White "Rajbharath, Harjith"]
[Black "Zezula, Jakub"]
[Result "0-1"]
[WhiteElo "1801"]
[BlackElo "2031"]
[PlyCount "96"]
[EventDate "2024.03.28"]

1. d4 d5 2. Nf3 Nf6 3. c4 c6 4. Nc3 e6 5. e3 Nbd7 6. Bd2 Be7 7. cxd5 exd5 8.
Bd3 O-O 9. O-O Bd6 10. Qc2 Re8 11. e4 dxe4 12. Nxe4 Nxe4 13. Bxe4 h6 14. Rfe1
Nf6 15. Bf5 Bxf5 16. Qxf5 Qd7 17. Rxe8+ Rxe8 18. Qxd7 Nxd7 19. Re1 Rxe1+ 20.
Bxe1 Kf8 21. Kf1 Ke7 22. Ke2 Ke6 23. Kd3 Kd5 24. h3 Nf8 25. g3 Ne6 26. Bc3 Bc7
27. b3 Bb6 28. b4 g5 29. Ne5 f5 30. Nc4 f4 31. Nxb6+ axb6 32. g4 b5 33. f3 Nf8
34. Be1 Nd7 35. Bf2 Nb6 36. Bg1 Nc4 37. Kc3 Nd6 38. Kd3 Ne8 39. Bf2 Nf6 40. Bg1
h5 41. Bf2 hxg4 42. hxg4 Nd7 43. Bg1 Nf8 44. Bf2 Ng6 45. Be1 Nh4 46. Bxh4 gxh4
47. Ke2 Kxd4 48. Kf2 Ke5 0-1

[Event "Pobeskydi 2024"]
[Site "Frydek-Mistek, Czech Republic"]
[Date "2024.03.31"]
[Round "8.7"]
[White "Bazantova, Marie"]
[Black "Kanakova, Natalie"]
[Result "0-1"]
[WhiteElo "1902"]
[BlackElo "2180"]
[PlyCount "52"]
[EventDate "2024.??.??"]

1. e4 c5 2. c3 d5 3. exd5 Qxd5 4. d4 Nf6 5. Nf3 Bg4 6. Be2 e6 7. Na3 a6 8. O-O
cxd4 9. cxd4 Nc6 10. Nc2 Qd8 11. Bg5 Be7 12. Re1 O-O 13. Ne5 Bxe2 14. Rxe2 Rc8
15. Nxc6 Rxc6 16. Qd3 h6 17. Bh4 Nd5 18. Bxe7 Qxe7 19. Qf3 Qc7 20. Ne1 Rc1 21.
Rxc1 Qxc1 22. g3 Rc8 23. Kg2 Qb1 24. Nd3 Qxa2 25. Ne5 Rc7 26. Rc2 Ne3+ 0-1

[Event "Pobeskydi 2024"]
[Site "Frydek-Mistek, Czech Republic"]
[Date "2024.03.31"]
[Round "8"]
[White "Koubova, Anna Marie"]
[Black "Turcan, Richard"]
[Result "0-1"]
[WhiteElo "2113"]
[BlackElo "2366"]
[PlyCount "94"]
[EventDate "2024.??.??"]

1. d4 Nf6 2. c4 c5 3. d5 e6 4. Nc3 exd5 5. cxd5 d6 6. Nf3 g6 7. Nd2 Bg7 8. e4
O-O 9. Be2 Ne8 10. O-O f5 11. exf5 Bxf5 12. Bg4 Nc7 13. a4 Nba6 14. Nde4 Nb4
15. Ng5 Qd7 16. Bf3 Rae8 17. Bd2 Bc2 18. Qc1 Bd3 19. Re1 Rxe1+ 20. Bxe1 h6 21.
Nge4 Nc2 22. Ra2 Nd4 23. Bd1 Nxd5 24. Nxd5 Bxe4 25. Nc3 Bc6 26. Ra3 Re8 27. Bd2
Qe7 28. h3 Nf5 29. Ne2 Qe4 30. Nf4 g5 31. Bf3 Qd4 32. Nh5 Qxb2 33. Nxg7 Qxc1+
34. Bxc1 Kxg7 35. Bb2+ Kg6 36. g4 Nh4 37. Bxc6 bxc6 38. Rb3 h5 39. gxh5+ Kxh5
40. Rb7 Re4 41. Rxa7 Re1+ 42. Kh2 Re2 43. Bh8 Rxf2+ 44. Kg1 Ra2 45. a5 Nf3+ 46.
Kf1 Kh4 47. a6 Kg3 0-1